Hong Kong : guía visual /

Colección de guías turísticas audiovisuales, conformada por 32 volúmenes, que ofrecen orientación sobre los diferentes tipos de patrimonio –artístico e histórico, natural e intangible- y otras atracciones de igual número de lugares, repartidos en los cinco continentes: 1) Alpes italianos, 2) Argenti...

תיאור מלא

שמור ב:
מידע ביבליוגרפי
פורמט: שקופית
שפה:ספרדית
יצא לאור: lugar de publicación no identificado : sin productora : fecha no identificada
México : Titanio [distribución], 2008, c2008
סדרה:(Guía Visual ; 14)
נושאים:
תגים: הוספת תג
אין תגיות, היה/י הראשונ/ה לתייג את הרשומה!

MARC

LEADER 00000ngm^a2200000^a^4500
001 000315234
005 20250521000000.0
009 20260310113239.686
037 |a Acervo ITESO - Biblioteca 
041 |a ESP 
082 |a 910. 202  |b GUI V. 14 
240 1 1 |a [Guía visual] 
245 0 0 |a Hong Kong :  |b guía visual / 
264 4 |a lugar de publicación no identificado :  |b sin productora :  |c fecha no identificada 
264 4 |a México :  |b Titanio [distribución],  |c 2008, c2008 
300 |a 1 DVD multirregión  |c (30 min.) 
336 |a imagen móvil bidimensional  |b tdi  |2 rdacontenido 
337 |a video  |b v  |2 rdamedio 
338 |a videodisco  |b vd  |2 rdasoporte 
440 1 |a (Guía Visual ;  |v 14) 
520 |a Colección de guías turísticas audiovisuales, conformada por 32 volúmenes, que ofrecen orientación sobre los diferentes tipos de patrimonio –artístico e histórico, natural e intangible- y otras atracciones de igual número de lugares, repartidos en los cinco continentes: 1) Alpes italianos, 2) Argentina, 3) Arizona, 4) Australia, 5) Auvergne y Provence, 6) Barcelona, 7) Chile, 8) China, 9) Cognac y Champagne, 10) Ecuador, 11) Egipto, 12) España, 13) Francia, 14) Hong Kong, 15) Ibiza, 16) India, 17) Islas Canarias, 18) Malasia, 19) México, 20) Namibia, 21) Portugal, 22) Río de Janeiro, 23) Italia, 24) Rusia, 25) Sri Lanka, 26) Sudáfrica, 27) Tailandia, 28) Toscana y Sicilia, 29) Túnez, 30) Venezuela, 31) Yucatán y 32) Grecia. La mayoría de los programas tienen una duración próxima a los 30 minutos, con algunas excepciones –como son los volúmenes acerca de los Alpes italianos, Australia, Cognac y Champagne, Islas Canarias y Toscana y Sicilia- en las que se extienden a una hora. La décimo cuarta entrega de la colección está dedicada a Hong Kong, colonia de Gran Bretaña en China continental desde 1842 hasta 1997 y a partir de esa fecha región administrativa especial de la República Popular China, cuyas circunstancias históricas la condujeron a convertirse en una de las ciudades más vibrantes del Extremo Oriente y –sobre todo- en uno de los escenarios más relevantes del diálogo entre Occidente y Oriente. 
520 |a Suplementos y características especiales: ninguna. 
546 |a Doblaje opcional: inglés 
562 |a Créditos de producción incompletos o inexistentes 
649 |a XX 
650 |a Guías Turísticas 
650 |a Valoración Patrimonial e Histórica -  |z Hong Kong, China 
650 |a Valoración Patrimonial e Histórica -  |z China 
650 |a Hong Kong, China -  |x Descripción -  |x Guías Turísticas -  |x Tema Principal 
650 |a China -  |x Descripción -  |x Guías Turísticas 
650 |a Turismo -  |z Hong Kong, China 
650 |a Turismo -  |z China 
910 |a Fondo General 
920 |a Audiovisuales - DVDs 
905 |a 302 
901 |a 0500200439  |b IT2  |c DVS  |i C129484  |u 20250521 
902 |a https://opac.biblio.iteso.mx/vufind/Record/000315234